000 00442nam a2200181Ia 4500
001 24753
005 20260414151104.0
008 260414t2006||||xx |||||||||||||| ||spa||
041 _aESP
082 _a345.733
_bC76
100 _aCam Carranza, Guillermo (com.)
_eAUT
245 0 _aCompendio de legislación notarial
_b
260 _c2006
300 _a491 pƔginas :
_c\N
650 _aDER
654 _aCDE
942 _cLIB
_dJUS
_fJUS
_2ddc
_n
999 _c24753
_d24753